=LDR 00000nam 2200000 4500 =001 NUTBA000000000003321 =005 20140814103121.0 =006 =007 =008 =020 ##$$a 978-979-29-3285-0 =035 ##$$a 0010-081400000000166 =040 ##$$a NBPDMAT =082 ##$$a 510.076 =090 ##$$a 510.076 $b Tim s =100 ##$$a Tim Penulis Matematika ILT =245 ##$$a Seri 30 menit jadi jagoan matematika / $c Tim Penulis Matematika ILT ; editor, Westriningsih =260 ##$$a Yogyakarta : $b Andi, $c 2011 =300 ##$$a viii, 224 hlm. : $b ilus. ; $c 23 cm. =650 ##$$a Matematika - Studi dan Pengajaran =700 ##$$a Westriningsih =850 ##$$a NBPDMAT =990 ##$$a 21404592 =990 ##$$a 0001/BPAP-NTB/20142014